01141nam a2200193Ia 4500001001000000003001000010008004100020040002500061041001300086100002300099245002200122250001100144260009200155300002800247500026200275501011400537520026200651650003400913L235-7388IT-CnALBA170116s9999||||xx |||||||||||||| ||und|| aIT-CnALBAcIT-CnALBA aITALIANO aTANI MONS. ANTONIO 0aL'ANIMA E MARIA.  a1a ed. aCINISELLO BALSAMO (MI)bEDIZIONI PAOLINEc1956 [1° Ed.:1956 - Ed.Ling.Originale: 1956] a268 p. (prefazione: 78) aMESSE DI MAGGIO. S. GIOVANNI BOSCO. SALVEZZA DELL'ANIMA. L'ANIMA E IL TEMPO. VITA DELL'ANIMA. MORTE DELL'ANIMA. POLVERE DELL'ANIMA. MEDICINA. ANIMA E MORTE. GIUDIZIO DI DIO. SECONDA MORTE. PATRIA RESPIRO ATMOSFERA. CIBO. CARITÀ PACE AMICO OSPITE. GIORNO D aSocietà San Paolo EM - Piazza San Paolo, 14 - 12051 ALBA (CN) (non commercial uses only) ® Copyright 2017 aMESSE DI MAGGIO. S. GIOVANNI BOSCO. SALVEZZA DELL'ANIMA. L'ANIMA E IL TEMPO. VITA DELL'ANIMA. MORTE DELL'ANIMA. POLVERE DELL'ANIMA. MEDICINA. ANIMA E MORTE. GIUDIZIO DI DIO. SECONDA MORTE. PATRIA RESPIRO ATMOSFERA. CIBO. CARITÀ PACE AMICO OSPITE. GIORNO D aMARIA SS. ANGELI SANTI DEMONI